Miasta w województwie zachodniopomorskim - Statystyki

Ogólne statystyki
  • Ten quiz został rozwiązany 4 643 razy
    4 639 od ostatniego zresetowania
  • Średni wynik to 30 z 66
Statystyki odpowiedzi
Miasto Liczba ludności % Poprawnych
Szczecin 404 878
99%
Koszalin 107 680
94%
Kołobrzeg 46 463
91%
Świnoujście 41 115
88%
Stargard 68 477
85%
Szczecinek 40 362
79%
Police 33 090
74%
Międzyzdroje 5 443
70%
Gryfice 16 719
69%
Gryfino 21 477
68%
Wałcz 25 749
67%
Białogard 24 368
66%
Goleniów 22 579
65%
Drawsko Pomorskie 11 724
64%
Kamień Pomorski 8 868
60%
Mielno 3 174
57%
Darłowo 13 943
56%
Nowogard 16 722
55%
Choszczno 15 437
54%
Łobez 10 374
54%
Świdwin 15 521
54%
Wolin 4 880
54%
Pyrzyce 12 694
52%
Sławno 12 677
52%
Myślibórz 11 449
51%
Barlinek 14 010
48%
Czaplinek 7 143
46%
Połczyn-Zdrój 8 265
44%
Kalisz Pomorski 4 383
43%
Dziwnów 2 718
42%
Trzebiatów 10 127
42%
Złocieniec 13 142
42%
Bobolice 4 129
39%
Płoty 3 982
38%
Chojna 7 447
37%
Dębno 13 983
37%
Borne Sulinowo 4 893
36%
Cedynia 1 615
36%
Karlino 5 933
36%
Chociwel 3 174
35%
Nowe Warpno 1 220
33%
Ińsko 1 964
32%
Mirosławiec 3 076
32%
Recz 2 955
32%
Resko 4 289
32%
Sianów 6 633
32%
Biały Bór 2 170
31%
Dobra 2 334
31%
Drawno 2 283
27%
Maszewo 3 367
27%
Trzcińsko-Zdrój 2 350
27%
Węgorzyno 2 889
27%
Lipiany 4 008
26%
Barwice 3 766
25%
Golczewo 2 690
25%
Człopa 2 354
24%
Suchań 1 464
24%
Tychowo 2 518
24%
Gościno 2 411
23%
Moryń 1 614
23%
Polanów 2 969
23%
Dobrzany 2 336
22%
Mieszkowice 3 716
22%
Tuczno 1 937
22%
Pełczyce 2 643
21%
Stepnica 2 461
20%
Nie znaleziono quizów pasujących do podanych kryteriów
Rozkład punktacji
Procent ludzi z każdym wynikiem
Percentyl według liczby udzielonych odpowiedzi
Twoja historia wyników
Nie rozwiązałeś tego quizu od ostatniego zresetowania